Statistics for Largest Cities in Molise

Click here to take the quiz!

General Stats

  • This quiz has been taken 8 times
  • The average score is 7 of 10

Answer Stats

PopulationCity% Correct
47,334Campobasso
100%
32,351Termoli
100%
20,771Isernia
86%
6,360Larino
71%
10,944Venafro
71%
7,468Bojano
57%
7,626Campomarino
57%
4,907Guglionesi
57%
6,163Montenero di Bisaccia
57%
4,897Riccia
57%

Score Distribution

Percentile by Number Answered

Percent of People with Each Score

Your Score History

You have not taken this quiz